| 000 | 00399nam a22001697a 4500 | ||
|---|---|---|---|
| 005 | 20160628142845.0 | ||
| 008 | 160628b xxu||||| |||| 00| 0 eng d | ||
| 020 | _a81-203-0132-3 | ||
| 041 | _aeng | ||
| 082 | _b10926 | ||
| 100 |
_aWest, Jerome D and Others _93067 |
||
| 245 | _aA Management Guide to pert/CPM | ||
| 260 |
_bPHI _c2004 |
||
| 300 | _a226 | ||
| 650 |
_aManagement _9241 |
||
| 942 | _cBK | ||
| 999 |
_c4451 _d4450 |
||